00806nam a22001937a 4500003000400000008004100004020001800045082001700063245011500080260003600195300001600231650010900247700001800356700002200374700001600396942001200412999001700424952017100441OSt260626b |||||||| |||| 00| 0 eng d a9781032260716 a631.58bF15I aImprovement of Plant Production in the Era of Climate Change/ edited by Shah Fahad, Muhammad Adnan, Shah Saud aBoca raton :bCRC Press,c2023. axvi, 276 p. aTechnologies (Applied Sciences) | Agriculture and Related Technologies | Cropping System | Crop Rotation aFahad, Shah  aAdnan, Muhammad  aSaud, Shah  2ddccBK c52357d52357 00102ddc4070aRAUbRAUcGENd2026-06-26eToday & Tomorrow Printers and Publishers g19956.00l0o631.58 F15Ip87582r2026-06-26w2026-01-29yBKkBill No. IN-00449